| 000 | 00670nam a22001937a 4500 | ||
|---|---|---|---|
| 005 | 20170627152633.0 | ||
| 010 | _aENG-118956 | ||
| 020 |
_a9788125056096 _c125.00 |
||
| 035 | _aEN-102488 | ||
| 037 | _bDBAD/PUB | ||
| 082 | _a880.945 | ||
| 100 | _aSengupta, Arjun | ||
| 245 |
_aVictorian Literature and modern Indian literature / _cby Arjun Sengupta [and] Jayati Gupta |
||
| 260 |
_aTelangana _bOrient Blackswan _c2014 |
||
| 270 |
_a3-6-752 Himayatnagar, Hyderabad _bTelangana _e500029 |
||
| 300 |
_a377p. _c22cm(pbk) |
||
| 505 | _aDavagere university prescribed for semester v of the Ba optical english course | ||
| 942 |
_2ddc _cEN _h880.945 _mSEN |
||
| 999 |
_c142034 _d142034 |
||